ნორმალური ფორმატი
MARC ფორმატი
ჩანაწერი Personal Name
ჩანაწერთა რაოდენობა, რომელიც გამოყენებულია: 1
001 - CONTROL NUMBER
- control field: 22841
003 - CONTROL NUMBER IDENTIFIER
- control field: GE_BSU
005 - DATE AND TIME OF LATEST TRANSACTION
- control field: 20240716170255.0
008 - FIXED-LENGTH DATA ELEMENTS
- fixed length control field: 240716|| aca||aabn | a|a d
040 ## - CATALOGING SOURCE
- Original cataloging agency: GE_BSU
- Transcribing agency: GE_BSU
100 ## - HEADING--PERSONAL NAME
- Personal name: ჭილაია, რამაზ
670 ## - SOURCE DATA FOUND
- Source citation: Work cat.: (GE_BSU)46188: ჭილაია, რამაზ, ტექსტი ტექსტებზე = Text about texts /
